[Event "Wch U20 41st"]
[Site "Goa"]
[Date "2002.12.18"]
[Round "11"]
[White "Borchgrevink, Harald"]
[Black "Pradeep, TS."]
[Result "1-0"]
[WhiteElo "2174"]
[BlackElo "2111"]
[PlyCount "61"]
[EventDate "2002.12.09"]
[EventType "swiss"]
[EventRounds "13"]
[EventCountry "IND"]
[SourceTitle "CBM 091 Extra"]
[Source "ChessBase"]
[SourceDate "2003.01.09"]
[SourceVersion "1"]
[SourceVersionDate "2003.01.09"]
[SourceQuality "1"]

1. d4 Nf6 2. c4 g6 3. Nc3 d5 4. cxd5 Nxd5 5. Bd2 Bg7 6. e4 Nb6 7. Be3 0-0 8. h3 c6 9. Nf3 Be6 10. Be2 Nc4 11. Bc1 Qa5 12. 0-0 Rd8 13. Rb1 Na6 14. Kh1 b5 15. Bg5 Rd7 16. Qc1 Bxd4 17. Nxd4 Rxd4 18. Bxe7 f5 19. Qg5 Qc7 20. Rbd1 Rxd1 21. Rxd1 Re8 22. Rd8 Rxd8 23. Bxd8 Qd7 24. Bf6 Nc5 25. exf5 Bxf5 26. Qf4 Nd6 27. Be5 Nf7 28. Bd4 Ne6 29. Qb8+ Qd8 30. Qxd8+ Nfxd8 31. Bxa7 1-0

[Event "Wch U20 41st"]
[Site "Goa"]
[Date "2002.12.16"]
[Round "9"]
[White "Thakur, Akash"]
[Black "Pradeep, TS."]
[Result "1-0"]
[WhiteElo "2257"]
[BlackElo "2111"]
[PlyCount "35"]
[EventDate "2002.12.09"]
[EventType "swiss"]
[EventRounds "13"]
[EventCountry "IND"]
[SourceTitle "CBM 091 Extra"]
[Source "ChessBase"]
[SourceDate "2003.01.09"]
[SourceVersion "1"]
[SourceVersionDate "2003.01.09"]
[SourceQuality "1"]

1. e4 c5 2. Nf3 d6 3. d4 cxd4 4. Nxd4 Nf6 5. Nc3 a6 6. Be2 e5 7. Nb3 Be7 8. 0-0 0-0 9. f4 Qc7 10. f5 b5 11. a3 Bb7 12. Bf3 Nbd7 13. g4 Nc5 14. Qe2 d5 15. exd5 Rad8 16. g5 e4 17. gxf6 exf3 18. Qxe7 1-0